000 00977cam a2200313 a 4500
001 2323385
003 ARRUPE
005 20140520142105.0
008 990527s1999 sa ab b 000 0 eng
010 _a 99210472
020 _a0869754815
035 _a(OCoLC)ocm44877323
035 _a(NNC)2323385
040 _aDLC
_cDLC
_dDLC
043 _af-sa---
050 0 0 _aSPC DT1908.E43
_bM37 1999
082 0 0 _a968.04/84
_221
100 1 _aMcFadden, Pam.
_910407
245 1 4 _aThe battle of Elandslaagte, 21 October 1899 /
_cPam McFadden.
260 _aRandburg :
_bRavan Press,
_c1999.
300 _aiv, 44 p. :
_bill., col. maps ;
_c24 cm.
490 1 _aBattles of the Anglob-sBoer War
504 _aIncludes bibliographical references (p. 43).
650 0 _aElandslaagte, Battle of, Elandslaagte, South Africa, 1899.
_910408
830 0 _aBattles of the Anglo-Boer War.
_910409
942 _2lcc
_cMONOGRAPH
948 2 _a20120601
_ba
_cks26
_dMPS
999 _c120554
_d120554